[Event "Finistere-chT 0304"]
[Site "Finistere"]
[Date "2003.11.29"]
[Round "2.16"]
[White "Pineau, Alain"]
[Black "Quantin, Francois"]
[Result "1-0"]
[WhiteElo "1380"]
[BlackElo "1500"]
[PlyCount "127"]
[EventDate "2003.10.??"]
[EventType "team-swiss"]
[EventRounds "6"]
[EventCountry "FRA"]
[SourceTitle "EXT 2005"]
[Source "ChessBase"]
[SourceDate "2004.11.15"]
[SourceVersion "1"]
[SourceVersionDate "2004.11.15"]
[SourceQuality "1"]

1. e4 e5 2. Nf3 Nc6 3. Bc4 Nf6 4. Ng5 d5 5. exd5 Nxd5 6. Nxf7 Kxf7 7. Qf3+ Ke6 8. Nc3 Nd4 9. Bxd5+ Kd6 10. Qd3 c6 11. Be4 Be6 12. Ne2 Kc7 13. Nxd4 exd4 14. Qe2 Bc5 15. d3 Re8 16. a3 Qf6 17. Bd2 Bd5 18. f3 Rad8 19. Qf2 Bxe4 20. dxe4 Bb6 21. Qg3+ Kc8 22. Bg5 Bc7 23. Qg4+ Qe6 24. Qxe6+ Rxe6 25. Bxd8 Bxd8 26. 0-0-0 Bg5+ 27. Kb1 Be3 28. Rd3 c5 29. c4 a6 30. Ka2 b5 31. b3 Kb7 32. Re1 Kc6 33. Re2 a5 34. cxb5+ Kxb5 35. Rc2 Rc6 36. a4+ Kb6 37. Rc4 Rg6 38. Rc2 h5 39. g3 Rh6 40. Rd1 Rf6 41. f4 Re6 42. e5 g5 43. Rf1 Kc6 44. fxg5 Bxg5 45. Rf5 d3 46. Rcf2 Be3 47. Rf1 Kd5 48. Rxh5 Rxe5 49. Rxe5+ Kxe5 50. Rd1 Kd4 51. Kb2 c4 52. bxc4 Kxc4 53. h4 Bd4+ 54. Kb1 Bc3 55. g4 Kd4 56. g5 Ke3 57. Kc1 Ke2 58. g6 Bf6 59. Rg1 Bg7 60. Rg2+ Kf3 61. Rd2 Bh6 62. h5 Kg4 63. g7 Bxg7 64. Rg2+ 1-0

[Event "Finistere-chT 0102"]
[Site "Finistere"]
[Date "2001.10.20"]
[Round "1.16"]
[White "Pineau, Alain"]
[Black "Kerbaol, Jacques"]
[Result "0-1"]
[WhiteElo "1200"]
[BlackElo "1550"]
[PlyCount "46"]
[EventDate "2001.??.??"]
[EventType "team"]
[EventRounds "7"]
[EventCountry "FRA"]
[SourceTitle "EXT 2003"]
[Source "ChessBase"]
[SourceDate "2002.11.25"]
[SourceVersion "1"]
[SourceVersionDate "2002.11.25"]
[SourceQuality "1"]

1. e4 Nf6 2. Nc3 d5 3. d3 e5 4. exd5 c6 5. dxc6 Nxc6 6. Qe2 Qa5 7. Bd2 Nd4 8. Qd1 Bd7 9. Nf3 Qb6 10. Nxd4 Qxd4 11. h3 Bc6 12. Be3 Qb4 13. Qc1 Bd6 14. a3 Qa5 15. b4 Qc7 16. Ne2 a5 17. c3 0-0 18. d4 Rfd8 19. dxe5 Bxe5 20. Nd4 Ba4 21. Bd3 Nd5 22. 0-0 Qxc3 23. Nb5 Qxd3 0-1

[Event "Finistere-chT 0001"]
[Site "Finistere"]
[Date "2000.01.27"]
[Round "5.19"]
[White "Gandre, Michel"]
[Black "Pineau, Alain"]
[Result "1-0"]
[WhiteElo "1460"]
[BlackElo "1220"]
[PlyCount "52"]
[EventDate "2000.??.??"]
[EventType "team"]
[EventRounds "7"]
[EventCountry "FRA"]
[SourceTitle "EXT 2003"]
[Source "ChessBase"]
[SourceDate "2002.11.25"]
[SourceVersion "1"]
[SourceVersionDate "2002.11.25"]
[SourceQuality "1"]

1. e4 e5 2. Nf3 Nc6 3. Bb5 a6 4. Ba4 b5 5. Bb3 Nf6 6. 0-0 d5 7. exd5 Nxd5 8. Re1 Bg4 9. Nxe5 Be7 10. Qxg4 Qd6 11. Qxg7 0-0-0 12. Nxf7 Qc5 13. Nxd8 Rxd8 14. c3 Nf6 15. d4 Qd6 16. Re6 Qd7 17. Bg5 Rg8 18. Qh6 Ng4 19. Qxh7 Rxg5 20. Rxc6 Qxc6 21. Qxe7 Nf6 22. Be6+ Kb7 23. f3 Nh7 24. Qf7 Qd6 25. Nd2 Nf8 26. Ne4 Qxe6 1-0